Central Library OPAC University of Rajshahi

The unstable earth : (Record no. 73830)

MARC details
000 -LEADER
fixed length control field 00940nam a2200289 a 4500
001 - CONTROL NUMBER
control field 73830
003 - CONTROL NUMBER IDENTIFIER
rucl marc code BD-RjUL
005 - DATE AND TIME OF LATEST TRANSACTION
control field 20211209082442.0
008 - FIXED-LENGTH DATA ELEMENTS--GENERAL INFORMATION
fixed length control field 170612r19641962enkab b 001 0 eng d
035 ## - SYSTEM CONTROL NUMBER
System control number (BD-RjUL)74048
040 ## - CATALOGING SOURCE
Original cataloging agency DLC
Transcribing agency TNJ
Modifying agency DLC
-- BD-RjUL
Language of cataloging eng
041 ## - LANGUAGE CODE
Language code of text/sound track or separate title eng
082 ## - DEWEY DECIMAL CLASSIFICATION NUMBER
Classification number 551.41
Edition number 23
Author mark and year STU 1964
100 1# - MAIN ENTRY--PERSONAL NAME
Personal name Steers, J. A.
Fuller form of name (James Alfred),
Dates associated with a name 1899-
9 (RLIN) 218614
245 14 - TITLE STATEMENT
Title The unstable earth :
Remainder of title some recent views in geomorphology /
Statement of responsibility, etc. J. A. Steers.
260 ## - PUBLICATION, DISTRIBUTION, ETC. (IMPRINT)
Place of publication, distribution, etc. London :
Name of publisher, distributor, etc. Methuen & co. ltd.,
Date of publication, distribution, etc. 1932 [Reprinted 1964]
300 ## - PHYSICAL DESCRIPTION
Pagination xv, 345 p. :
Illustrations ill. ;
Size 20 cm.
490 ## - SERIES STATEMENT
Series statement Methuen's geological series
500 ## - GENERAL NOTE
General note Includes index.
504 ## - BIBLIOGRAPHY, ETC. NOTE
Bibliography, etc Bibliography: p. 331-334.
650 #0 - SUBJECT ADDED ENTRY--TOPICAL TERM
Topical term or geographic name as entry element Geomorphology
9 (RLIN) 218615
Topical term or geographic name as entry element Geology, Structural.
9 (RLIN) 218616
Topical term or geographic name as entry element Earth movements.
9 (RLIN) 218617
651 #0 - SUBJECT ADDED ENTRY--GEOGRAPHIC NAME
Geographic name Earth (Planet)
General subdivision Surface.
9 (RLIN) 218618
830 ## - SERIES ADDED ENTRY--UNIFORM TITLE
Uniform title Methuen's geological series
942 ## - ADDED ENTRY ELEMENTS (KOHA)
Source of classification or shelving scheme Dewey Decimal Classification
Koha item type Books
Holdings
Lost status Source of classification or shelving scheme Damaged status Not for loan Collection code Permanent Location Current Location Shelving location Date acquired Source of acquisition Cost, normal purchase price Total Checkouts Full call number Date last seen Copy number Koha item type
  Dewey Decimal Classification   Not For Loan Non-fiction Central Library, University of Rajshahi Central Library, University of Rajshahi Reading Room 11/04/1967 Paramount Book, Karachi 18.75   551.41 STU 1964 12/06/2017 C-1 Books
  Dewey Decimal Classification     Non-fiction Central Library, University of Rajshahi Central Library, University of Rajshahi   11/04/1967 Paramount Book, Karachi 18.75   551.41 STU 1964 12/06/2017 C-3 Books
  Dewey Decimal Classification     Non-fiction Central Library, University of Rajshahi Central Library, University of Rajshahi   23/11/1965 Zeitlinger 25.00   551.41 STU 1964 12/06/2017 C-2 Books